000 00421nam a2200145Ia 4500
008 231129s2004||||xx |||||||||||||| ||spa||
020 _a950-802-175-6
040 _bspa
082 _a364.1 F919s
100 _aFritz Guillermo
245 0 _aLa sociedad criminal: una criminologí­a de los criminales y de los no tantos
260 _c2004
264 _aEspacio
942 _2ddc
_cBKS
999 _c18233
_d18233